Building the Sri Rama Temple in Ayodhya/ (Record no. 196812)

MARC details
000 -LEADER
fixed length control field 00569nam a22001817a 4500
005 - DATE AND TIME OF LATEST TRANSACTION
control field 20230728122033.0
010 ## - LCCN (DPL NO)
LC control number ENG-137652
020 ## - INTERNATIONAL STANDARD BOOK NUMBER
International Standard Book Number 9788124119051
Terms of availability 295.00
035 ## - SYSTEM CONTROL NUMBER
System control number EN-121184
037 ## - SOURCE OF ACQUISITION
Source of stock number/acquisition DBAD/PUB
082 ## - DEWEY DECIMAL CLASSIFICATION NUMBER
Classification number 347.54035
100 ## - MAIN ENTRY--PERSONAL NAME
Personal name Swamy, Subramanian
245 ## - TITLE STATEMENT
Title Building the Sri Rama Temple in Ayodhya/
Statement of responsibility, etc by Subramanian Swamy
260 ## - PUBLICATION, DISTRIBUTION, ETC. (IMPRINT)
Place of publication, distribution, etc Delhi
Name of publisher, distributor, etc Har-Anand Publications Pvt. Ltd.
Date of publication, distribution, etc 2015
270 ## - ADDRESS
Address E-49/3, Okhla Industrial Area, Phase-II
City Delhi
Postal code 110020
300 ## - PHYSICAL DESCRIPTION
Extent 115p.
Dimensions 22cm(pbk)
942 ## - ADDED ENTRY ELEMENTS (KOHA)
Source of classification or shelving scheme Dewey Decimal Classification
Item type English Books
Classification part 347.54035
Call number suffix SWA
Holdings
Withdrawn status Lost status Not for loan Collection code Home library Current library Date acquired Source of acquisition Cost, normal purchase price Full call number Barcode Copy number Cost, replacement price Koha item type
      Non-fiction Kadipur Kadipur 28/07/2023 DBAD/PUB 295.00 347.54035 SWA EN-121184 1 295.00 English Books

© Delhi Public Library
Hit Counter
free hit counter